\Contemporary science for non-science majors (Record no. 5648)

MARC details
000 -LEADER
fixed length control field 00361nam a2200157 4500
007 - PHYSICAL DESCRIPTION FIXED FIELD--GENERAL INFORMATION
fixed length control field 000
008 - FIXED-LENGTH DATA ELEMENTS--GENERAL INFORMATION
fixed length control field 000
020 ## - INTERNATIONAL STANDARD BOOK NUMBER
International Standard Book Number 0697783952
040 ## - CATALOGING SOURCE
Original cataloging agency UOEL
050 ## - LIBRARY OF CONGRESS CALL NUMBER
Classification number QD40
Item number .C66 2009
245 ## - TITLE STATEMENT
Title \Contemporary science for non-science majors
250 ## - EDITION STATEMENT
Edition statement 3rd ed.
260 ## - PUBLICATION, DISTRIBUTION, ETC. (IMPRINT)
Place of publication, distribution, etc Boston :
Name of publisher, distributor, etc Learning solutions ;
Date of publication, distribution, etc 2009
300 ## - PHYSICAL DESCRIPTION
Extent 450 p. :
Other physical details ill, ;
942 ## - ADDED ENTRY ELEMENTS (KOHA)
Source of classification or shelving scheme Library of Congress Classification
Item type Loan - Normal on open shelf
Holdings
Withdrawn status Lost status Source of classification or shelving scheme Damaged status Not for loan Home library Current library Shelving location Date acquired Total Checkouts Full call number Barcode Date last seen Copy number Price effective from Koha item type
    Library of Congress Classification     UOE Main Library UOE Main Library Open shelf 20/04/2015   QD40 .C66 2009 20140991 27/04/2026 20140991 20/04/2015 Loan - Normal on open shelf
    Library of Congress Classification     UOE Main Library UOE Main Library Open shelf 20/04/2015   QD40 .C66 2009 20140992 27/04/2026 20140992 20/04/2015 Loan - Normal on open shelf